[Event "GER-chT Betriebe 17th"]
[Site "Berlin"]
[Date "2017.11.05"]
[Round "7.1"]
[White "Domingo, Miguel"]
[Black "Limbourg, Philipp"]
[Result "1-0"]
[WhiteElo "2184"]
[BlackElo "2214"]
[PlyCount "29"]
[EventDate "2017.11.02"]
[EventType "team-swiss"]
[EventRounds "7"]
[EventCountry "GER"]
[SourceTitle "EXT 2020"]
[Source "ChessBase"]
[SourceDate "2019.10.17"]
[SourceVersion "1"]
[SourceVersionDate "2019.10.17"]
[SourceQuality "1"]
[WhiteTeam "Muenchen EPA"]
[BlackTeam "Essen RWE"]
[WhiteTeamCountry "GER"]
[BlackTeamCountry "GER"]

1. c4 e5 2. g3 Nc6 3. Nc3 f5 4. Nf3 Bb4 5. Nd5 a5 6. Nxb4 axb4 7. d4 e4 8. Bg5 Nf6 9. Nh4 d5 10. e3 0-0 11. cxd5 Qxd5 12. b3 Kh8 13. Bc4 Qd6 14. Bf4 Qd8 15. d5 1-0

[Event "Berlin-ch"]
[Site "Berlin"]
[Date "2010.04.04"]
[Round "5"]
[White "Burger, Heinrich"]
[Black "Domingo, Miguel"]
[Result "1/2-1/2"]
[WhiteElo "2093"]
[BlackElo "2182"]
[PlyCount "99"]
[EventDate "2010.03.30"]
[EventType "swiss"]
[EventRounds "9"]
[EventCountry "GER"]
[SourceTitle "CBM 135 Extra"]
[Source "ChessBase"]
[SourceDate "2010.05.04"]
[SourceVersion "1"]
[SourceVersionDate "2010.05.04"]
[SourceQuality "1"]

1. d4 Nf6 2. Nf3 g6 3. c4 c5 4. g3 cxd4 5. Nxd4 Nc6 6. Bg2 Bg7 7. 0-0 0-0 8. Nc3 Nxd4 9. Qxd4 d6 10. e4 Be6 11. Qd3 Nd7 12. b3 Nc5 13. Qd2 Qa5 14. Bb2 Rfc8 15. Rfd1 Kf8 16. Rac1 Rab8 17. Qe2 a6 18. Nd5 Bxd5 19. Rxd5 Qc7 20. Rcd1 a5 21. h4 Bxb2 22. Qxb2 f6 23. g4 Kg8 24. g5 Rf8 25. gxf6 Rxf6 26. e5 dxe5 27. Qxe5 Rc8 28. Bh3 Qxe5 29. Rxe5 Rc7 30. Kg2 Kf7 31. Kg3 b6 32. Bg2 Rd7 33. Rxd7 Nxd7 34. Rd5 Nc5 35. Rd8 e5 36. Bd5+ Ke7 37. Rh8 h5 38. Rh7+ Kf8 39. f3 Ke8 40. Ra7 Kf8 41. Be4 Nxe4+ 42. fxe4 Ke8 43. c5 bxc5 44. Rxa5 Rf4 45. Ra4 Kd7 46. Rc4 Kd6 47. Ra4 Rg4+ 48. Kh3 Kc6 49. Rc4 Kb6 50. Ra4 1/2-1/2

[Event "Berlin-ch"]
[Site "Berlin"]
[Date "2010.04.03"]
[Round "4"]
[White "Domingo, Miguel"]
[Black "Steffen, Rico"]
[Result "1-0"]
[WhiteElo "2182"]
[BlackElo "1897"]
[PlyCount "128"]
[EventDate "2010.03.30"]
[EventType "swiss"]
[EventRounds "9"]
[EventCountry "GER"]
[SourceTitle "CBM 135 Extra"]
[Source "ChessBase"]
[SourceDate "2010.05.04"]
[SourceVersion "1"]
[SourceVersionDate "2010.05.04"]
[SourceQuality "1"]

1. c4 c5 2. g3 g6 3. Bg2 Bg7 4. Nc3 Nc6 5. d3 e6 6. e4 Nge7 7. Nge2 0-0 8. a3 Rb8 9. Rb1 b6 10. b4 d6 11. 0-0 Nd4 12. Nxd4 cxd4 13. Ne2 e5 14. Bd2 Bg4 15. b5 Qd7 16. f3 Be6 17. a4 Kh8 18. Qb3 Qc7 19. a5 Ng8 20. Ra1 Nf6 21. axb6 axb6 22. f4 Bc8 23. fxe5 dxe5 24. Bb4 Re8 25. Qa3 Rb7 26. h3 Kg8 27. Rf2 Nd7 28. Bd6 Qd8 29. Raf1 f6 30. h4 Bh6 31. Kh2 Bf8 32. Bh3 Bxd6 33. Qxd6 Nc5 34. Qxd8 Rxd8 35. Nc1 Bxh3 36. Kxh3 f5 37. exf5 gxf5 38. Rxf5 e4 39. dxe4 Nxe4 40. Nd3 Nd2 41. Rc1 h6 42. c5 bxc5 43. Rcxc5 Ne4 44. Rc6 Kg7 45. Nf4 Kh7 46. Rh5 Rd6 47. Re5 Rdd7 48. Rxe4 d3 49. Rc1 d2 50. Rd1 Rxb5 51. Re2 Rb2 52. Kg2 Kg7 53. Nh3 Rd3 54. Nf4 Rd6 55. Ne6+ Kh7 56. Nc5 Rd4 57. Ne4 Rbb4 58. Kf3 Kg6 59. Rdxd2 Rb3+ 60. Re3 Rxd2 61. Rxb3 Rd1 62. Rb6+ Kg7 63. h5 Rd5 64. Rg6+ Kf7 1-0

[Event "Berlin-ch"]
[Site "Berlin"]
[Date "2010.03.31"]
[Round "2"]
[White "Domingo, Miguel"]
[Black "Tahiri, Daut"]
[Result "1/2-1/2"]
[WhiteElo "2182"]
[BlackElo "2151"]
[PlyCount "48"]
[EventDate "2010.03.30"]
[EventType "swiss"]
[EventRounds "9"]
[EventCountry "GER"]
[SourceTitle "CBM 135 Extra"]
[Source "ChessBase"]
[SourceDate "2010.05.04"]
[SourceVersion "1"]
[SourceVersionDate "2010.05.04"]
[SourceQuality "1"]

1. Nf3 e6 2. g3 d5 3. Bg2 Nf6 4. 0-0 b6 5. c4 Bb7 6. b3 dxc4 7. bxc4 c5 8. Bb2 Be7 9. e3 0-0 10. Qe2 Qc8 11. Nc3 Nc6 12. d3 h6 13. Rab1 Na5 14. Ba1 Rd8 15. Rfd1 Ne8 16. Bh3 Qc6 17. Bg2 Qc8 18. Ne1 Bf6 19. f4 Bxg2 20. Qxg2 Nc6 21. Nf3 Nb4 22. Ne1 Nc6 23. Nf3 Nb4 24. Ne1 Nc6 1/2-1/2

[Event "Oberliga Nord O 0708"]
[Site "Germany"]
[Date "2008.04.06"]
[Round "8.5"]
[White "Pueschel, Werner"]
[Black "Domingo, Miguel"]
[Result "1-0"]
[WhiteElo "2177"]
[BlackElo "2200"]
[PlyCount "91"]
[EventDate "2007.10.21"]
[EventType "team-tourn"]
[EventRounds "9"]
[EventCountry "GER"]
[SourceTitle "EXT 2009"]
[Source "ChessBase"]
[SourceDate "2008.11.26"]
[SourceVersion "1"]
[SourceVersionDate "2008.11.26"]
[SourceQuality "1"]
[WhiteTeam "Lasker Steglitz"]
[BlackTeam "Berlin SF"]
[WhiteTeamCountry "GER"]
[BlackTeamCountry "GER"]

1. e4 c5 2. Nf3 g6 3. Nc3 Bg7 4. Bc4 Nc6 5. 0-0 a6 6. a4 e6 7. Re1 Nge7 8. d3 d6 9. Bg5 h6 10. Bd2 0-0 11. Qc1 Kh7 12. Ne2 d5 13. Bb3 b6 14. c3 e5 15. Ng3 Be6 16. Bc2 d4 17. h3 Qd7 18. Qd1 Rab8 19. cxd4 Nxd4 20. Nxd4 Qxd4 21. Ne2 Qd6 22. Bc3 Nc6 23. Qd2 b5 24. axb5 axb5 25. b3 Ra8 26. Rxa8 Rxa8 27. Ra1 Rxa1+ 28. Bxa1 h5 29. Bc3 Bh6 30. Qe1 Qd7 31. Qa1 f6 32. Kh2 b4 33. Be1 Qc7 34. g3 Na5 35. Qa4 Kg7 36. Ng1 Bd7 37. Qa2 Bb5 38. Nf3 Nc6 39. Qa8 Qd7 40. Kg2 Kh7 41. Nh4 Nd4 42. Bd1 Bc6 43. Qb8 Bb7 44. Nxg6 Kxg6 45. Qg8+ Qg7 46. Bxh5+ 1-0

[Event "Berlin-ch"]
[Site "Berlin"]
[Date "2007.04.07"]
[Round "2"]
[White "Domingo, Miguel"]
[Black "Kiesekamp, Marcos"]
[Result "0-1"]
[WhiteElo "2190"]
[BlackElo "2279"]
[PlyCount "54"]
[EventDate "2007.04.06"]
[EventType "swiss"]
[EventRounds "9"]
[EventCountry "GER"]
[SourceTitle "CBM 117 Extra"]
[Source "ChessBase"]
[SourceDate "2007.05.09"]
[SourceVersion "1"]
[SourceVersionDate "2007.05.09"]
[SourceQuality "1"]

1. c4 e6 2. g3 d5 3. Nf3 Nf6 4. Bg2 Be7 5. 0-0 0-0 6. b3 b6 7. Bb2 Bb7 8. e3 c5 9. Nc3 dxc4 10. bxc4 Nc6 11. Qe2 Qc7 12. Rfd1 a6 13. Rab1 Na5 14. Ba1 Rab8 15. d3 Nd7 16. a4 Rfd8 17. Rd2 Nc6 18. Ne1 Nb4 19. f4 Bxg2 20. Qxg2 Nf6 21. g4 Rd7 22. g5 Ne8 23. Ne4 Rbd8 24. Rbd1 Qc6 25. Nc3 Qxg2+ 26. Kxg2 Nd6 27. Kf2 Nxc4 0-1

[Event "GER-chT Betriebe"]
[Site "Berlin"]
[Date "2006.10.06"]
[Round "4.1"]
[White "Seger, Ruediger"]
[Black "Domingo, Miguel"]
[Result "1/2-1/2"]
[WhiteElo "2407"]
[BlackElo "2109"]
[PlyCount "34"]
[EventDate "2006.10.05"]
[EventType "team-tourn"]
[EventRounds "7"]
[EventCountry "GER"]
[SourceTitle "EXT 2020"]
[Source "ChessBase"]
[SourceDate "2019.10.17"]
[SourceVersion "1"]
[SourceVersionDate "2019.10.17"]
[SourceQuality "1"]
[WhiteTeam "Deutsche Post Bonn"]
[BlackTeam "Muenchen Europ Patentamt"]
[WhiteTeamCountry "GER"]
[BlackTeamCountry "GER"]

1. e4 c5 2. c3 d5 3. exd5 Qxd5 4. d4 g6 5. Nf3 Bg7 6. Na3 cxd4 7. Bc4 Qd8 8. Nc2 Nf6 9. Ncxd4 0-0 10. 0-0 Qc7 11. Qe2 a6 12. Bb3 e6 13. Ng5 Nc6 14. Nxc6 Qxc6 15. Rd1 b6 16. Bf4 Bb7 17. f3 Rad8 1/2-1/2

[Event "GER-chT Betriebe"]
[Site "Berlin"]
[Date "2006.10.05"]
[Round "1.1"]
[White "Domingo, Miguel"]
[Black "Borchers, Holger"]
[Result "1-0"]
[WhiteElo "2109"]
[BlackElo "2110"]
[PlyCount "105"]
[EventDate "2006.10.05"]
[EventType "team-tourn"]
[EventRounds "7"]
[EventCountry "GER"]
[SourceTitle "EXT 2007"]
[Source "ChessBase"]
[SourceDate "2006.11.23"]
[SourceVersion "1"]
[SourceVersionDate "2006.11.23"]
[SourceQuality "1"]
[WhiteTeam "Muenchen Europ Patentamt"]
[BlackTeam "Berlin Profi Schach Laden"]
[WhiteTeamCountry "GER"]
[BlackTeamCountry "GER"]

1. c4 Nf6 2. g3 g6 3. Bg2 Bg7 4. Nc3 0-0 5. e4 d6 6. Nge2 e5 7. 0-0 Nc6 8. f4 Bg4 9. h3 Bxe2 10. Nxe2 exf4 11. gxf4 Re8 12. d3 Nd7 13. d4 Qh4 14. Be3 Nf6 15. e5 dxe5 16. fxe5 Nh5 17. Qd2 h6 18. Qe1 Qxe1 19. Raxe1 Na5 20. Bd5 Re7 21. Bd2 Nc6 22. Rf3 Nd8 23. c5 c6 24. Bc4 Ne6 25. Ref1 Rf8 26. h4 Rd7 27. Rxf7 Rfxf7 28. Bxe6 Rde7 29. Rxf7 Rxf7 30. Kg2 Kf8 31. Bxf7 Kxf7 32. Kf3 Ke6 33. Ke4 b6 34. cxb6 axb6 35. a4 Bf8 36. b4 Be7 37. a5 bxa5 38. bxa5 Kd7 39. Bxh6 Bxh4 40. Bd2 Bd8 41. Bb4 Ng7 42. a6 Bb6 43. Bc5 Bxc5 44. dxc5 Kc7 45. Nd4 g5 46. e6 g4 47. Kf4 Kb8 48. Nxc6+ Ka8 49. Nd4 Ka7 50. Kxg4 Kxa6 51. Kf4 Kb7 52. Ke5 Ne8 53. e7 1-0

[Event "Berlin Lichtenberger Sommer 3th"]
[Site "Berlin"]
[Date "2004.08.23"]
[Round "9.22"]
[White "Domingo, Miguel"]
[Black "Bendfeldt, Tim"]
[Result "1-0"]
[WhiteElo "2088"]
[BlackElo "1832"]
[PlyCount "70"]
[EventDate "2004.08.14"]
[EventType "swiss"]
[EventRounds "9"]
[EventCountry "GER"]
[SourceTitle "EXT 2022"]
[Source "ChessBase"]
[SourceDate "2021.10.06"]
[SourceVersion "1"]
[SourceVersionDate "2021.10.06"]
[SourceQuality "1"]

1. c4 e6 2. g3 d5 3. Bg2 Nf6 4. Nf3 Be7 5. b3 c5 6. 0-0 Nc6 7. Bb2 0-0 8. e3 Qc7 9. Qe2 b6 10. Nc3 a6 11. Rfd1 Bb7 12. cxd5 exd5 13. d4 cxd4 14. Nxd4 Rad8 15. Nf5 Qc8 16. Nxd5 Rxd5 17. Rxd5 g6 18. Nxe7+ Nxe7 19. Rd6 Bxg2 20. Kxg2 Ne4 21. Rdd1 Qb7 22. f3 Nc5 23. Rd2 Ne6 24. Rad1 Nf5 25. e4 Nfg7 26. Qc4 Rc8 27. Qd5 Qe7 28. Qe5 Rf8 29. Rd6 f6 30. Qd5 h5 31. Rd7 Qe8 32. Qb7 Kh7 33. Rxg7+ Nxg7 34. Rd7 Rg8 35. Bxf6 h4 1-0

[Event "Berlin Lichtenberger Sommer 3th"]
[Site "Berlin"]
[Date "2004.08.22"]
[Round "8.24"]
[White "Baier, Reinhard"]
[Black "Domingo, Miguel"]
[Result "1/2-1/2"]
[WhiteElo "1936"]
[BlackElo "2088"]
[PlyCount "130"]
[EventDate "2004.08.14"]
[EventType "swiss"]
[EventRounds "9"]
[EventCountry "GER"]
[SourceTitle "EXT 2022"]
[Source "ChessBase"]
[SourceDate "2021.10.06"]
[SourceVersion "1"]
[SourceVersionDate "2021.10.06"]
[SourceQuality "1"]

1. e4 c5 2. Nf3 Nc6 3. d4 cxd4 4. Nxd4 e5 5. Nb5 d6 6. c4 Be7 7. Be3 Be6 8. N1c3 a6 9. Na3 Bg5 10. Nc2 Bxe3 11. Nxe3 Nf6 12. Be2 0-0 13. 0-0 Rc8 14. Rc1 Nd4 15. Ned5 Bxd5 16. cxd5 b5 17. a3 Qb6 18. Qd3 Rc7 19. b4 Rfc8 20. Na2 Rxc1 21. Rxc1 Nxe2+ 22. Qxe2 Rxc1+ 23. Nxc1 Qd4 24. Qc2 g6 25. Ne2 Qa1+ 26. Qc1 Qxc1+ 27. Nxc1 Nxe4 28. Ne2 f5 29. f3 Nd2 30. Nc3 Nb3 31. Kf2 Nd4 32. Nb1 Kg7 33. Ke3 Kf6 34. Kd3 g5 35. Nd2 Kg6 36. Nb1 Kh5 37. Nc3 Kg6 38. a4 Kf6 39. axb5 Nxb5 40. Ne2 Ke7 41. Kc4 Kf6 42. Kd3 Kg6 43. Ke3 Nc7 44. Nc3 Kh5 45. Kd3 g4 46. Ke3 gxf3 47. Kxf3 Kg5 48. Ke3 h5 49. Ke2 h4 50. Kf2 Kf4 51. g3+ hxg3+ 52. hxg3+ Kg4 53. Kg2 Nb5 54. Nd1 e4 55. Ne3+ Kg5 56. Kf2 f4 57. gxf4+ Kxf4 58. Nc4 Nc3 59. Nxd6 e3+ 60. Ke1 Nxd5 61. b5 axb5 62. Nxb5 Ke4 63. Nd6+ Kd3 64. Nf5 e2 65. Ng3 Nf4 1/2-1/2

[Event "Berlin Lichtenberger Sommer 3th"]
[Site "Berlin"]
[Date "2004.08.19"]
[Round "6.13"]
[White "Reichenbach, Werner"]
[Black "Domingo, Miguel"]
[Result "1-0"]
[WhiteElo "2304"]
[BlackElo "2088"]
[PlyCount "81"]
[EventDate "2004.08.14"]
[EventType "swiss"]
[EventRounds "9"]
[EventCountry "GER"]
[SourceTitle "EXT 2022"]
[Source "ChessBase"]
[SourceDate "2021.10.06"]
[SourceVersion "1"]
[SourceVersionDate "2021.10.06"]
[SourceQuality "1"]

1. e4 c5 2. Nf3 Nc6 3. Bb5 g6 4. 0-0 Bg7 5. c3 Nf6 6. Re1 0-0 7. h3 e5 8. Na3 d6 9. Nc2 Re8 10. d3 h6 11. a3 Bd7 12. Ne3 a6 13. Bxc6 Bxc6 14. c4 b5 15. b3 Kh7 16. g4 Ng8 17. h4 Rf8 18. h5 gxh5 19. Nf5 Ne7 20. N3h4 Rg8 21. Nxe7 Qxe7 22. Nf5 Qf6 23. g5 Bf8 24. Kh2 Qg6 25. Rg1 Bd7 26. Qf3 f6 27. Nh4 Bg4 28. Rxg4 hxg4 29. Qxg4 Qe8 30. Qf5+ Kh8 31. g6 Ra7 32. Be3 Rgg7 33. Rg1 Kg8 34. Qh5 f5 35. Nxf5 Rgd7 36. Rg3 Bg7 37. Bxh6 Qe6 38. Rh3 Kf8 39. Bg5 Ke8 40. Qh8+ Bf8 41. Bh6 1-0

[Event "Berlin Kreuzberg op 5th"]
[Site "Berlin"]
[Date "2004.06.28"]
[Round "3"]
[White "Platzek, Janine"]
[Black "Domingo, Miguel"]
[Result "0-1"]
[WhiteElo "1776"]
[BlackElo "2145"]
[PlyCount "80"]
[EventDate "2004.06.26"]
[EventType "swiss"]
[EventRounds "9"]
[EventCountry "GER"]
[SourceTitle "EXT 2022"]
[Source "ChessBase"]
[SourceDate "2021.10.06"]
[SourceVersion "1"]
[SourceVersionDate "2021.10.06"]
[SourceQuality "1"]

1. Nf3 c5 2. b3 g6 3. Bb2 Nf6 4. e3 Bg7 5. Be2 0-0 6. 0-0 b6 7. d3 Bb7 8. Nbd2 Nc6 9. e4 d5 10. exd5 Nxd5 11. Bxg7 Kxg7 12. Qb1 Nf4 13. Bd1 e6 14. Ne4 f5 15. Qb2+ Kg8 16. Ned2 Nd4 17. Re1 Nxg2 18. Kxg2 Qg5+ 19. Kf1 Qg4 20. Re3 f4 21. Re4 Bxe4 22. dxe4 Qh3+ 23. Kg1 Rad8 24. c3 Nxf3+ 25. Nxf3 Rxd1+ 26. Rxd1 Qxf3 27. Qc2 Qg4+ 28. Kh1 Qf3+ 29. Kg1 Qg4+ 30. Kh1 f3 31. Rg1 Qh4 32. Rg3 Qf4 33. Qd3 Rf7 34. Rg1 Kg7 35. c4 Qe5 36. Rd1 Rf4 37. Qd8 Qxe4 38. Qe7+ Kh6 39. Rg1 Rg4 40. Rd1 Qe2 0-1

[Event "Berlin Eckbauer op 4th"]
[Site "Berlin"]
[Date "2001.10.08"]
[Round "2"]
[White "Zoellner, Rainer"]
[Black "Domingo, Miguel"]
[Result "0-1"]
[WhiteElo "1692"]
[BlackElo "2005"]
[PlyCount "50"]
[EventDate "2001.10.??"]
[EventType "swiss"]
[EventRounds "7"]
[EventCountry "GER"]
[SourceTitle "EXT 2005"]
[Source "ChessBase"]
[SourceDate "2004.11.15"]
[SourceVersion "1"]
[SourceVersionDate "2004.11.15"]
[SourceQuality "1"]

1. e4 c5 2. f4 d5 3. exd5 Nf6 4. c4 e6 5. dxe6 Bxe6 6. Nf3 Nc6 7. Nc3 g6 8. d3 Bg7 9. Be3 b6 10. d4 Ng4 11. d5 Nxe3 12. Qe2 Nd4 13. Nxd4 cxd4 14. dxe6 0-0 15. Nd5 Nxd5 16. cxd5 Qxd5 17. Qc4 Qe4+ 18. Kd1 Rac8 19. exf7+ Kh8 20. Qd3 Qxf4 21. Be2 Bh6 22. Ke1 Rxf7 23. Rf1 Rc1+ 24. Rxc1 Qxc1+ 25. Bd1 Bd2+ 0-1

[Event "Avoine op 10th"]
[Site "Avoine"]
[Date "1995.??.??"]
[Round "2"]
[White "Dumitrache, Dragos Nicolae"]
[Black "Domingo, Miguel"]
[Result "1-0"]
[WhiteElo "2530"]
[BlackElo "2145"]
[PlyCount "73"]
[EventDate "1995.08.??"]
[EventType "swiss"]
[EventRounds "9"]
[EventCountry "FRA"]
[SourceTitle "EXT 1997"]
[Source "ChessBase"]
[SourceDate "1996.11.15"]
[SourceVersion "1"]
[SourceVersionDate "1996.11.15"]
[SourceQuality "1"]

1. d4 d6 2. Nf3 f5 3. Nc3 Nf6 4. Bg5 Nbd7 5. Qd3 g6 6. e4 fxe4 7. Nxe4 Bg7 8. Be2 c6 9. Ng3 e5 10. Qa3 Qe7 11. Ne4 Bf8 12. dxe5 dxe5 13. Nxf6+ Nxf6 14. Qxe7+ Bxe7 15. Nxe5 Bf5 16. 0-0-0 Ne4 17. Bxe7 Kxe7 18. Rde1 Kf6 19. Nc4 Rhd8 20. f3 Nc5 21. h4 h5 22. Rd1 Ne6 23. Nd6 Nf4 24. Bf1 b6 25. Nxf5 gxf5 26. Rxd8 Rxd8 27. g3 Ne6 28. Be2 Nd4 29. Bd1 Rg8 30. Rg1 f4 31. g4 hxg4 32. fxg4 Rh8 33. c3 Ne6 34. g5+ Ke5 35. h5 Ng7 36. h6 Ne6 37. Bb3 1-0

[Event "JBLN Ost 9293"]
[Site "Germany"]
[Date "1992.??.??"]
[Round "?"]
[White "Proehl, Holger"]
[Black "Domingo, Miguel"]
[Result "1/2-1/2"]
[WhiteElo "2315"]
[BlackElo "2130"]
[PlyCount "88"]
[EventDate "1992.??.??"]
[EventType "team-tourn"]
[EventRounds "9"]
[EventCountry "GER"]
[SourceTitle "EXT 2002"]
[Source "ChessBase"]
[SourceDate "2001.11.25"]
[SourceVersion "1"]
[SourceVersionDate "2001.11.25"]
[SourceQuality "1"]

1. e4 d6 2. d4 Nf6 3. Bd3 g6 4. c3 Bg7 5. f4 0-0 6. h3 c5 7. Nf3 cxd4 8. cxd4 Nc6 9. Nc3 a6 10. Be3 b5 11. Qd2 Bb7 12. 0-0 Rc8 13. Rac1 Re8 14. a4 b4 15. Na2 a5 16. Qf2 Nb8 17. Nd2 d5 18. e5 Ne4 19. Qf3 Nxd2 20. Bxd2 Nc6 21. Be3 e6 22. Rcd1 f5 23. Nc1 Qb6 24. Nb3 Ba6 25. Qe2 Bxd3 26. Qxd3 Na7 27. Rc1 Bf8 28. g4 Rxc1 29. Rxc1 Rc8 30. Rxc8 Nxc8 31. Nc5 Na7 32. Nd7 Qc7 33. Nf6+ Kh8 34. gxf5 gxf5 35. Qe2 Bg7 36. Qh5 Bxf6 37. exf6 Qd7 38. b3 Nc6 39. Bf2 Nd8 40. Bh4 Qf7 41. Qe2 Nc6 42. Qd3 Kg8 43. Kf1 Qh5 44. Bf2 Kf7 1/2-1/2